00333nam a2200121Ia 4500008004100000041000800041082001200049100001600061245004500077260004500122300003300167365001100200240624s9999 xx 000 0 und d aeng a954 ROY aROY KAUSHIK aPARTITION OF INDIA WHY 1947 DEBATES IN I c2012aNew DelhibOxford University Press axliii, : 276 : p. : cm. ; 22 cRSb32